000 00952nam a22003377a 4500
001 BR7502547
003 BR-BrBNA
005 20230928084741.0
007 ta
008 230509b bl.||||| |||| 00| 0 por d
040 _aBR-BrBNA
_bpor
_cBiblioteca Nacional de Agricultura
041 _a(Por)
072 _aE70
_b0180
_b3575
_b/G514
090 _ 0180 BR7502547
110 1 _aBanco do Brasil S.A., Porto Alegre, RS. Depto. Geral de Comercializacao do Trigo Nacional
_91102
245 1 _aTrigo Nacional [Comercializacao; Triticum spp.; Semente; Brasil]
260 3 _aPorto Alegre, RS (Brasil):
_c[nd].
300 _a82 p.
500 _aNumerical data; Published 1975?
650 _aComercializacao
650 _aTrigo
650 _aSemente
650 _aCompra
650 _aVenda
650 _aArmazenagem
650 _aImportacao
650 _aPreco
650 _aConsumo
909 _a202309
_bLucia
_c55
_dLucia Elande
942 _cBK
999 _c20885
_d20885